Электрические машины: учебник

Detalhes bibliográficos
Autor principal: Копылов И. П. Игорь Петрович
Resumo:Рассмотрены теория электромеханического преобразования энергии электрических машин, их характеристики, переходные и установившиеся режимы работы. Теория электрических машин изложена на базе дифференциальных уравнений. Максимально использованы современные достижения общей теории электрических машин. Получила дальнейшее развитие классическая теория комплексных уравнений, векторных диаграмм и схем замещения. Для студентов электромеханических и электроэнергетических специальностей вузов. Может быть полезен инженерам-электромеханикам и энергетикам, занимающимся проектированием, ремонтом и эксплуатацией электрических машин.
Idioma:russo
Publicado em: Москва, Высшая школа, 2006
Edição:5-е изд., стер.
Assuntos:
Formato: MixedMaterials Livro
KOHA link:https://koha.lib.tpu.ru/cgi-bin/koha/opac-detail.pl?biblionumber=106139

MARC

LEADER 00000nam0a2200000 4500
001 106139
005 20231101214643.0
010 |a 5060038416 
035 |a (RuTPU)RU\TPU\book\114538 
035 |a RU\TPU\book\68773 
090 |a 106139 
100 |a 20061201d2006 m y0rusy50 ca 
101 0 |a rus 
102 |a RU 
105 |a a j 001zy 
200 1 |a Электрические машины  |e учебник  |f И. П. Копылов 
205 |a 5-е изд., стер. 
210 |a Москва  |c Высшая школа  |d 2006 
215 |a 607 с.  |c ил. 
320 |a Библиогр.: с. 596. 
320 |a Предметный указатель: с. 597-603. 
330 |a Рассмотрены теория электромеханического преобразования энергии электрических машин, их характеристики, переходные и установившиеся режимы работы. Теория электрических машин изложена на базе дифференциальных уравнений. Максимально использованы современные достижения общей теории электрических машин. Получила дальнейшее развитие классическая теория комплексных уравнений, векторных диаграмм и схем замещения. Для студентов электромеханических и электроэнергетических специальностей вузов. Может быть полезен инженерам-электромеханикам и энергетикам, занимающимся проектированием, ремонтом и эксплуатацией электрических машин. 
451 1 |0 (RuTPU)RU\TPU\book\168530  |y 978-5-06-006124-6  |t Электрические машины  |o учебник для вузов  |f И. П. Копылов  |e 6-е изд., стер.  |c Москва  |n Высшая школа  |d 2009  |p 607 с.  |a Копылов, Игорь Петрович 
451 1 |0 (RuTPU)RU\TPU\book\68773  |y 5-06-003841-6  |t Электрические машины  |o учебник для вузов  |f И. П. Копылов  |e 4-е изд., испр.  |c Москва  |n Высшая школа  |d 2004  |p 607 с.  |a Копылов, Игорь Петрович 
606 |a Электрические машины  |2 stltpush  |3 (RuTPU)RU\TPU\subj\27074  |9 50877 
610 1 |a электромеханика 
610 1 |a трансформаторы 
610 1 |a асинхронные машины 
610 1 |a синхронные машины 
610 1 |a машины постоянного тока 
610 1 |a каскадные соединения 
610 1 |a электромашинные преобразователи 
610 1 |a емкостные преобразователи 
610 1 |a индуктивно-частотные преобразователи 
610 1 |a биодвигатели 
610 1 |a учебники 
675 |a 621.313(075.8)  |v 3 
700 1 |a Копылов  |b И. П.  |g Игорь Петрович 
801 1 |a RU  |b 63413507  |c 20040608  |g PSBO 
801 2 |a RU  |b 63413507  |c 20180606  |g PSBO 
900 |a Электрические машины 
942 |c BK 
952 |a 551300  |b 140601  |b 140600 
959 |a 87/20040608  |d 5  |e 231  |f АНЛ:1  |f НФ:1